000
00246nam a22001097a 4500
082
_a
158
_b
ALA/B
100
_a
ALANKRITA
245
_a
BUILD SELF CONFIDENCE
260
_a
DELHI
_b
PUSTAK MAHAL
650
_a
PERSONALITY DEVELOPMENT
_z
DELHI
942
_c
BK
999
_c
5187
_d
5187